| 000 | 00404nam a22001697a 4500 | ||
|---|---|---|---|
| 999 |
_c532241 _d532241 |
||
| 003 | NUST | ||
| 005 | 20191114121321.0 | ||
| 008 | 191114b ||||| |||| 00| 0 eng d | ||
| 038 | _aMSOHAIL | ||
| 082 | _a0 | ||
| 100 |
_aGavin Weightman _925624 |
||
| 245 |
_aExplores and Exploration: _bPolar Explorer |
||
| 250 | _aVol-9 | ||
| 260 |
_bGrolier Educational _cN.D |
||
| 300 | _aP;80 | ||
| 942 |
_2ddc _cBK |
||